|
|
|
|
| LEADER |
00729nab a2200217 i 4500 |
| 001 |
misc64264 |
| 005 |
20230516110258.0 |
| 008 |
230307s1927 hu o 0|| rus d |
| 040 |
|
|
|a SZTE Miscellanea Repozitórium
|b hun
|
| 041 |
|
|
|a rus
|
| 041 |
|
|
|a tut
|
| 100 |
1 |
|
|a Poppe Nikolaj Nikolaevič
|
| 245 |
1 |
0 |
|a Čuvaši i ih sosedi
|h [elektronikus dokumentum] /
|c Poppe Nikolaj Nikolaevič
|
| 260 |
|
|
|a Čuvašskaâ Kniga
|b Čeboksary
|c 1927
|
| 300 |
|
|
|a 31 p.
|c 23 cm
|
| 561 |
|
|
|a Németh Gyula hagyaték
|
| 591 |
|
|
|a NOA 4623
|
| 650 |
|
4 |
|a Bölcsészettudományok
|
| 650 |
|
4 |
|a Történettudomány és régészet
|
| 695 |
|
|
|a Csuvasok története
|
| 856 |
4 |
0 |
|u http://misc.bibl.u-szeged.hu/64264/1/4623_noa.pdf
|z Dokumentum-elérés
|